=LDR 00000nam 2200000 4500 =247 ##$$a =856 ##$$a =700 #$$a =650 #$$a Transformasi Tata Kelola Kinerja =520 #$$a Manajemen kinerja adalah proses tata kelola perencanaan, pemantauan, serta peninjauan kinerja dan target agar mampu mencapai tujuan yang telah ditetapkan organsiasi. LAN dihadapkan pada permasalahan proses pengukuran dan penyajian data kinerja yang dirasakan kurang dapat dihandalkan. Terdapat beberapa faktor yang menyebabkan permasalahan tersebut terjadi : (1) kebijakan/pedoman perencanaan, pelaksanaan, pemantauan, evaluasi dan pelaporan kinerja dan anggaran yang menjadi acuan bagi pelaksanaan perancanaan dan penganggaran di LAN sudah out of date, (2) sistem informasi perencanaan dan evaluasi kinerja yang ada, yakni SIREVA tidak dapat digunakan lagi sebagai tools dalam melakukan pengendalian data kinerja, (3) pedoman kerja atau standar operasional prosedur pelaksanaan perencanaan, pemantauan, evaluasi dan pelaporan kinerja dan anggaran sudah tidak sesuai lagi dengan tuntutan stakeholder, dan (4) kualitas SDM pengelolaan kinerja dan anggaran masih minim dan dismotivasi. Manfaat yang diperoleh dari adanya aksi nyata perubahan ini secara internal adalah mampu meningkatkan efisiensi dan efektivitas tata kelola organisasi sehingga menghasilkan penghematan jam kerja hingga 569 jam per tahun sehingg dapat menghemat anggaran negara sebesar Rp 24.088.837.50 per tahun. =321 ##$$a =310 ##$$a =300 ##$$a 86 hlm. : $b ill. ; $c 30 cm $e =260 ##$$a Jakarta : $b Pusbangkom Pimnas dan Manajerial ASN. ; $c 2024 =001 $a INLIS000000000020887 =245 ##$$a Transformasi Tata Kelola Kinerja Lembaga Administrasi Negara Membangun Ekosistem Kinerja Yang Inklusif dan Adaptif $b $c Feni Damayanti =100 #$$a Feni Damayanti =084 ##$$a R 0163 PKN II 2024 =082 ##$$a =035 ##$$a 0010-0426000044 =020 ##$$a =008 $a 260427################g##########0#ind## =005 $a 20260427145056